LIBRARY ONLINE CATALOGUE

Food and energy crises (Record no. 16456)

MARC details
000 -LEADER
fixed length control field 00953nam a22001457a 4500
008 - FIXED-LENGTH DATA ELEMENTS--GENERAL INFORMATION
fixed length control field 170830b xxu||||| |||| 00| 0 eng d
020 ## - INTERNATIONAL STANDARD BOOK NUMBER
International Standard Book Number 998764029X
110 ## - MAIN ENTRY--CORPORATE NAME
Corporate name or jurisdiction name as entry element Programme for Africultural and Natural Resources Transformation for Improved Livelihoods (PANTIL)
Subordinate unit Directorate of Research and Postgraduate Studies
245 ## - TITLE STATEMENT
Title Food and energy crises
Remainder of title contribution and challenges for agricultural and climate change research : proceedings of the Third Annual PANTIL Research Workshop held at St. Gaspar Conference Centre, Dodoma, 7-9 October, 2008
Statement of responsibility, etc. [prepared and edited by E.K. Batamuzi, D.M. Gimbi, L.R. Kurwijila]
260 ## - PUBLICATION, DISTRIBUTION, ETC. (IMPRINT)
Place of publication, distribution, etc. Morogoro, Tanzania
Name of publisher, distributor, etc. Programme for Agricultural and Natural Resources Transformation for Improved Livelihoods
Date of publication, distribution, etc. c2008
300 ## - PHYSICAL DESCRIPTION
Extent viii, 271 p.
650 ## - SUBJECT ADDED ENTRY--TOPICAL TERM
Topical term or geographic name as entry element Agriculture
Form subdivision Congresses
General subdivision Research
Geographic subdivision Tanzania
650 ## - SUBJECT ADDED ENTRY--TOPICAL TERM
Topical term or geographic name as entry element Farms, Small
Form subdivision Congresses
General subdivision Research
Geographic subdivision Tanzania
942 ## - ADDED ENTRY ELEMENTS (KOHA)
Source of classification or shelving scheme Library of Congress Classification
Koha item type General Collection
Classification part HD1476.T34P36 2008
Holdings
Withdrawn status Lost status Source of classification or shelving scheme Not for loan Home library Current library Date acquired Source of acquisition Total Checkouts Full call number Barcode Date last seen Copy number Price effective from Koha item type
    Library of Congress Classification   Kabarak, Main Campus Kabarak, Main Campus 30/08/2017 Donated by Library of Congress, Nairobi   HD1476.T34P36 2008 c.1 027351 02/08/2024 c.1 30/08/2017 General Collection